00326nam a2200121Ia 4500008004100000041000800041082001600049100002900065245005000094260002600144300001900170700001500189220530s9999 xx 000 0 und d aeng a600.54bKUR aKuriacose J.C; Rajaram J aChemistry in Engineering and Technology Vol-2 aNew DelhibTMH c2010 aXXIII, 696bPB a Rajaram J